Antwoorden met de letter F - Statistieken

Algemene statistieken
  • Deze quiz is 14 keer genomen
  • De gemiddelde score is 8 van 20
Antwoordstatistieken
Hint Antwoord % Correct
Oorlog in 1982 tussen het Verenigd Koninkrijk en Argentinië Falklandoorlog
85%
Financieël centrum van Duitsland Frankfurt
69%
"Scaramouche, Scaramouche, will you do the …" Fandango
62%
Kooi die ervoor zorgt dat statische elektrische velden niet kunnen doordringen Faraday kooi
62%
Vermoord door Gavrilo Princip Franz Ferdinand
62%
Chemisch element met symbool P Fosfor
54%
Liberté, égalité, ... Fraternité
54%
Britse comedy serie die zich afspeelt in een hotel Fawlty towers
46%
Beroemd pianostuk van Ludwig van Beethoven Für Elise
46%
De hoofdstad van dit land is Suva Fiji
38%
Opening tussen de delen waaruit de schedel is opgebouwd Fontanel
38%
Trainer van Ajax in seizoen 2024-2025 Francesco Farioli
38%
Israëlisch gerecht bestaande uit gefrituurde balletjes van gestampte kikkererwten Falafel
31%
Met halve toon verhoogde F Fis
31%
Werk van Goethe Faust
23%
Pijpen Fellatio
23%
Welke band zong "I want to know what love is" Foreigner
23%
Australisch bier merk Fosters
23%
Napolitaans volksliedje Funiculì Funiculà
8%
Filosofie die letterlijk "Wind & Water" betekent Feng Shui
0%
Geen overeenkomende quizzen gevonden
Scoreverdeling
Procent van Mensen met Elke Score
Percentiel versus Aantal Correcte Antwoorden
Uw Scoregeschiedenis
U heeft deze quiz nog niet genomen